000 01119nam a22002777a 4500
005 20240530110344.0
008 141127s2009 ua obd frb||| 000 0 ara d
017 _a8480/2009
_bمصر . دار الكتب المصرية
020 _a9771806254
040 _aEG-CaGPL
041 0 _aara
082 0 4 _221
_a916.235/
_bق/م ث
100 0 _aمحمد رجائى جودة الطحلاوى
245 1 0 _aثروة دولة الكنوز فى وادى العلاقى /
_cاعداد محمد رجائى جودة الطحلاوى
260 _aالقاهرة :
_bدار الكتب والوثائق القومية ،
_c2009
300 _a250 :
_bايض ؛
_c24 سم
504 _aببليوجرافية : ص 201 - 210
650 0 4 _aالنوبة
650 0 4 _aالنوبة
_xجغرافيا
650 0 4 _aالمجتمعات البدوية
_zمصر
650 0 4 _aالمجتمعات البدوية
_zوادى العلاقى
650 0 4 _aالسكان
_zوادى العلاقى
650 0 4 _aالعادات والتقاليد
_zوادى العلاقى
942 _2ddc
_cBK
999 _c59941
_d59941